000 00567nam a2200205Ia 4500
003 BUBTL
008 151213s9999 xx 000 0 und d
082 _a347.5492/ R1291c/ 1986
100 _aRahman, Rafiqur
_94581
245 _aCivil Litigation In Bangladesh
_cDr. Rafiqur Rahman
250 _a1st ed
260 _aDhaka
_bNuruzzaman Choudhury
_cc1986
300 _a[xv], 320p. :
_b21cm
650 _aLaw
650 _aLaw
700 _aDr. Rafiqur Rahman
_94582
856 _k0
_l0
_yDownload
942 _2ddc
_cBK
999 _c3127
_d3127